000 00542cam a22002172a 4500
001 015595
003 AR-FADEU
008 311216n1961####xxu####################dd
092 _a861.3
_bR758
100 _aAnonimo
245 _aRomances viejos
250 _a7a. ed
260 _aZaragoza
260 _bEbro
260 _c1961
300 _a125 p. : il
440 _aBiblioteca clásica ebro, verso
_n4
500 _aIncluye bibliografía
650 _aLITERATURA ESPAÑOLA-SIGLO XVI; POESIA; ROMANCES/REVISADO/
942 _cBDGR
999 _c21353
_d21353